000 01456pam a2200361 a 4500
001 1071305
003 OSt
005 20140310181633.0
008 910813s1992 nju b 001 0 eng
010 _a 91032605
020 _a0813517966 :
_c$40.00
020 _a0813517974 (pbk.) :
_c$15.00
040 _aDLC
_cDLC
_dDLC
043 _an-us---
050 0 0 _aHQ 755.86
_b.C639 1992
082 0 0 _aTR 306.8
_bC61 1992
100 1 _aClimo, Jacob,
_d1945-
245 1 0 _aDistant parents /
_cJacob Climo.
260 _aNew Brunswick, N.J. :
_bRutgers University Press,
_cc1992.
300 _axi, 279 p. ;
_c24 cm.
504 _aIncludes bibliographical references (p. [265]-273) and index.
520 _a1. Parent and adult child--United States 2. Aging parents--United States--Family relationships 3. Autonomy (Psychology) in old age--United States
521 _aFaculty
541 _j1
562 _eFor circulation. 1 copy in the collection
650 0 _aParent and adult child
_zUnited States.
650 0 _aAging parents
_xFamily relationships
_zUnited States.
650 0 _aAutonomy (Psychology) in old age
_zUnited States.
856 4 2 _3Publisher description
_uhttp://www.loc.gov/catdir/enhancements/fy1206/91032605-d.html
906 _a7
_bcbc
_corignew
_d1
_eocip
_f19
_gy-gencatlg
942 _2lcc
_cBK-TR
_kTR
999 _c598
_d598